The noble scholar, jurist, historian


 His Excellency Dr. Abdul Wahhab bin Ibrahim Abu Sulaiman, may Allah have mercy on him.


 He was born in Umm Al-Qura in the year 1356 AH.

أبحاث معاصرة في الفقه الإسلامي وأصوله : (Record no. 3014)

MARC details
000 -LEADER
fixed length control field 02638cam a22003011i 4500
003 - CONTROL NUMBER IDENTIFIER
control field SA-RiAUC
005 - DATE AND TIME OF LATEST TRANSACTION
control field 20241204091201.0
008 - FIXED-LENGTH DATA ELEMENTS--GENERAL INFORMATION
fixed length control field 241203s2006 jo f b 00000 ara c
040 ## - CATALOGING SOURCE
Original cataloging agency SD-KhSNL
Language of cataloging ara
Transcribing agency SA-RiAUC
Modifying agency KAC
Description conventions rda
050 #4 - LIBRARY OF CONGRESS CALL NUMBER
Item number .M36 2006
050 #4 - LIBRARY OF CONGRESS CALL NUMBER
Item number M366 2006
082 04 - DEWEY DECIMAL CLASSIFICATION NUMBER
Classification number 250.72
Assigning agency SA-RiAUC
090 ## - LOCALLY ASSIGNED LC-TYPE CALL NUMBER (OCLC); LOCAL CALL NUMBER (RLIN)
Classification number (OCLC) (R) ; Classification number, CALL (RLIN) (NR) 250.72
Local cutter number (OCLC) ; Book number/undivided call number, CALL (RLIN) م ن ص
100 1# - MAIN ENTRY--PERSONAL NAME
Personal name منصور، محمد خالد عبد العزيز
Relator term مؤلف.
245 10 - TITLE STATEMENT
Title أبحاث معاصرة في الفقه الإسلامي وأصوله :
Remainder of title دراسات مقارنة /
Statement of responsibility, etc. محمد خالد عبد العزيز منصور.
250 ## - EDITION STATEMENT
Edition statement الطبعة الأولى.
264 #1 - PRODUCTION, PUBLICATION, DISTRIBUTION, MANUFACTURE, AND COPYRIGHT NOTICE
Place of production, publication, distribution, manufacture عمان، الأردن :
Name of producer, publisher, distributor, manufacturer دار عمار للنشر والتوزيع،
Date of production, publication, distribution, manufacture, or copyright notice 2006
300 ## - PHYSICAL DESCRIPTION
Extent 541 صفحة ؛
Dimensions 24 سم
336 ## - CONTENT TYPE
Content type term نص
Content type code txt
Source rdacontent
Materials specified كتاب
337 ## - MEDIA TYPE
Media type term بدون وسيط
Media type code n
Source rdamedia
338 ## - CARRIER TYPE
Carrier type term مجلد
Carrier type code nc
Source rdacarrier
504 ## - BIBLIOGRAPHY, ETC. NOTE
Bibliography, etc. note ببليوجرافية : صفحة 529-532.
520 ## - SUMMARY, ETC.
Summary, etc. يعتبر كتاب "أبحاث معاصرة في الفقه الإسلامي وأصوله: دراسات مقارنة" لمحمد خالد عبد العزيز منصور إضافة قيمة للمكتبة الفقهية المعاصرة. يسعى المؤلف من خلال هذا العمل إلى تقديم قراءة نقدية وتحليلية للقضايا الفقهية المعاصرة، معتمدا على منهجية مقارنة تجمع بين النصوص الشرعية والواقع المعاصر. وأهمية الكتاب تحديث الفقه: يساهم الكتاب في تحديث الفقه الإسلامي وتكييفه مع المتغيرات المعاصرة، وذلك من خلال دراسة القضايا الفقهية المستجدة وتقديم حلول لها وفقا للمبادئ الشرعية. النهج المقارن: يتبع المؤلف منهجا مقارنا في دراسة القضايا الفقهية، مما يساهم في إثراء النقاش الفقهي وتوسيع آفاقه. الاعتماد على المصادر الأصلية: يعتمد المؤلف بشكل أساسي على المصادر الأصلية في الفقه الإسلامي، مما يضفي على دراساته المصداقية والعمق. اللغة السلسة: يتميز الكتاب بلغة سلسة وواضحة، مما يسهل فهمه على مختلف شرائح القراء.
650 #7 - SUBJECT ADDED ENTRY--TOPICAL TERM
Topical term or geographic name entry element الفقه الإسلامي
General subdivision بحوث
Source of heading or term aucsh
650 #7 - SUBJECT ADDED ENTRY--TOPICAL TERM
Topical term or geographic name entry element أصول الفقه الإسلامي
General subdivision بحوث
Source of heading or term aucsh
942 ## - ADDED ENTRY ELEMENTS (KOHA)
Source of classification or shelving scheme Dewey Decimal Classification
Koha item type Books
Suppress in OPAC No
949 ## - LOCAL PROCESSING INFORMATION (OCLC)
a SA-JeALM
d 241203
u osman123
n 1
Holdings
Withdrawn status Lost status Source of classification or shelving scheme Damaged status Not for loan Home library Current library Date acquired Total checkouts Full call number Barcode Date last seen Price effective from Koha item type
    Dewey Decimal Classification     DR AbdElwahab Library DR AbdElwahab Library 12/04/2024   250.72 م ن ص 000004712 12/04/2024 12/04/2024 Books